| 000 | 00508nam a22001697a 4500 | ||
|---|---|---|---|
| 999 |
_c41039 _d41039 |
||
| 003 | OSt | ||
| 005 | 20210303122250.0 | ||
| 008 | 210301b ||||| |||| 00| 0 eng d | ||
| 020 | _a9788182676459 | ||
| 040 | _coclc | ||
| 082 |
_a001 _bMAT/Y |
||
| 100 |
_97547 _aMathrubhumi |
||
| 245 |
_aMathrubhumi Yearbook plus 2019 : _bKnowledge And Beyond / _cMathrubhumi |
||
| 260 |
_aKozhikode: _bThe Mathrubhumi Books, _c2019. |
||
| 300 | _a1024p | ||
| 942 |
_2ddc _cREF _h001 _iMAT/Y _k001 _mMAT/Y |
||